Score 0/26 Timer 03:00
3 Plays Today
% Correct
Best
91.9%
Messed
91.2%
Nest
90.8%
Rest
90%
Lest
88.9%
West
87.8%
Pest
86.1%
Dressed
85.8%
Jest
84.1%
Crest
83.4%
Test
83.3%
Zest
82.6%
Vest
82.1%
% Correct
Blessed/Blest
81.8%
Pressed
80.3%
Breast
80.2%
Fest
72.6%
Quest
70.2%
Guest
65.5%
Chest
65.2%
Guessed
62.5%
Tressed
57.5%
Fessed
50.4%
Wrest
48.3%
Gest
39.1%
Jessed
16%

You're not logged in!

Compare scores with friends on all Sporcle quizzes.
OR
Log In

Sporcle TV

Today on Sporcle TV


Watch our educational content, quiz creation guides, and fun videos on Sporcle TV.

Show Comments

Extras

Top Quizzes Today


Score Distribution

Paid Content

Your Account Isn't Verified!

In order to create a playlist on Sporcle, you need to verify the email address you used during registration. Go to your Sporcle Settings to finish the process.

Report this User

Report this user for behavior that violates our Community Guidelines.

Details: